[Event "ISR-chT"]
[Site "Israel"]
[Date "1999.01.15"]
[Round "2"]
[White "Zoler, Dan"]
[Black "Gershon, Alik"]
[Result "1-0"]
[WhiteElo "2524"]
[BlackElo "2467"]
[Annotator "Gershon,A"]
[PlyCount "121"]
[EventDate "1999.01.??"]
[EventType "team"]
[EventRounds "11"]
[EventCountry "ISR"]
[SourceTitle "CBM 070"]
[Source "ChessBase"]
[SourceDate "1999.06.08"]
[SourceVersion "1"]
[SourceVersionDate "1999.06.08"]
[SourceQuality "1"]

1. d4 Nf6 2. c4 e6 3. Nf3 b6 4. g3 Ba6 5. Nbd2 c5 6. Bg2 Nc6 7. dxc5 Bxc5 8. a3
Be7 9. b4 Bb7 10. O-O O-O 11. Bb2 Rc8 (11... a5 12. b5 Nb8 13. Qc2 d6 $2 14.
Ng5 $1 Bxg2 15. Bxf6 g6 16. Nxe6 fxe6 17. Bxe7 Qxe7 18. Kxg2 $16 {1-0
Giorgadze,T-Kupreichik,V/URS 1979/MCD (44)}) 12. e4 (12. Qb3 a5 13. b5 Nb8 14.
Rfd1 Qc7 15. Rac1 Rfd8 {1/2-1/2 Kholmov,R-Tal,M/Baku 1972/URS-ch (15)}) 12...
d6 13. Qe2 a5 {A bit premature} (13... Qc7 $142 14. Rac1 Rfd8 15. Rfd1 a5 $11)
14. b5 Nb8 15. e5 dxe5 16. Nxe5 Bxg2 17. Kxg2 Qc7 (17... Nfd7 18. Rfd1 {
[%cal Gd1d7]}) 18. Ndf3 {While playing a5 I underestimated the power of
white's knight on e5.} (18. Rfd1 Nfd7 19. Ndf3 Nc5 20. Nd4 Na4 21. Ndc6 Nxc6
22. Rd7 Nb8 23. Rxc7 Rxc7 24. Bd4 $16 {0-1 Kutirov,R-Bitoon,R/Elista 1998/CBM
66 ext (64)}) 18... Nfd7 19. Rad1 Bf6 20. Nxd7 Nxd7 21. Bxf6 Nxf6 (21... gxf6
$142 22. Rd4 {I didn't like this position, but i think it would have been the
better choice}) 22. Ne5 Qc5 (22... Rfd8 23. Nc6 Rxd1 24. Rxd1 {And my Q and R
are cut off by the white knight.}) 23. Rd3 Rfd8 24. Rfd1 Rxd3 25. Rxd3 {
Black's position leaves a rather depressing impression.} (25. Qxd3 h5 {[%cal
Gf6g4]}) 25... h6 26. f4 h5 $1 {Now after f4 white has weakened his K side,
and since on h5 he has to react h3 this may give black some counterplay in the
future.} 27. h3 g6 28. Qf3 Qc7 {[%cal Gc8d8]} 29. Nc6 Re8 {[%cal Gf6d7]} 30.
Qe3 h4 $5 31. g4 {[%csl Gf4] This is a double sided coin, on one hand black
has weakened white's f4 pawn with his last move (which reduces the range of
white's queen action), on the other his h4 pawn is virtually dead.} Nd7 32. Qd4
Nc5 33. Re3 (33. Qd6 Qxd6 34. Rxd6 f6 $132 {[%cal Ge6e1]}) 33... Qd7 $5 (33...
f5 34. Qf6 {[%csl Ge6,Gg6,Gg8,Gh4]}) (33... Qb7 {[%cal Ge8c8,Gc8c7,Gc7d7]} 34.
Qf6 $16 {[%csl Gh4]}) 34. Qxd7 Nxd7 35. g5 $1 {Fixing black's pawns.} (35. Rd3
Nc5 36. Rd6 f6 {[%cal Gg8g7]} 37. Nd4 (37. Na7 Re7 {is the least black had
here.}) 37... e5 38. fxe5 fxe5 39. Nf3 e4 $13) 35... Nb8 $6 {missing white's
reply.} (35... Kg7 36. Kf3 f5 37. gxf6+ Kxf6 {worse, but still playable.}) 36.
c5 $1 Nxc6 (36... bxc5 37. Nxa5 Nd7 38. Nc4 {[%cal Ge3d3]}) 37. bxc6 bxc5 (
37... Rc8 38. cxb6 Rxc6 39. Rb3 $18) 38. Rc3 Rc8 $2 $138 {Here black missed an
excellent drawing opportunity!} (38... Kf8 $142 $1 39. Rxc5 Ra8 40. c7 Rc8 41.
Kf3 Ke7 42. Kg4 Kd7 43. Kxh4 Rxc7 44. Rxa5 {-game, but with an extra tempo.})
39. Rxc5 Kf8 40. Kf3 Ke7 41. Kg4 Ra8 (41... Kd6 {When taking Nc6 I was relying
on this move, but after:} 42. Rxa5 Rxc6 {white does not have to take on h4
which draw, instead he plays:} 43. Ra7 $1 $18 {[%csl Gf7]} (43. Kxh4 $2 Rc4 44.
Kg3 Rc3+ 45. Kg4 Ke7 46. Ra8 Rc4 47. a4 e5 48. a5 Rxf4+ 49. Kg3 Ra4 50. a6 Ke6
51. a7 Kf5)) 42. c7 Kd7 43. Kxh4 Rc8 44. Rxa5 Rxc7 {as opposed to the position
arising after 38...Kf8! now it's white's turn to move, and he wins.} 45. a4 Ke7
(45... Rc4 {losing another tempo.} 46. Ra7+ Ke8 47. Ra8+ Ke7 48. Kg3) 46. Ra8
$1 {White is playing very accurately, not leaving black any chances. He cannot
allow black king getting to g7!} e5 (46... Rc4 47. Kg3 Rc3+ 48. Kg4 Rc4 49. a5
e5 50. a6 Rxf4+ 51. Kg3 Ra4 52. a7 {And now, since black can move with his
rook only, white wins the position in three steps: 1.wins the e5 pawn (in
order to eliminate any counterplay on blak's part) 2. escapes from black's
checks on the b file (b3) 3. plays h4-h5 on which black is forced to take and
then g5-g6 which also forces black to react, after which, either the 7th rank
is opened or he lets white check on g8, in both cases black loses his rook,
while the h5 g6 pawn are NOT dangerous.}) 47. a5 exf4 48. a6 Ke6 (48... f5 $5 {
should've been tried, it's black's best practical chance.} 49. gxf6+ ({but not:
} 49. a7 $4 Kd6 50. Rd8+ Kc5 {[%cal Gd7h7,Gc7h7]}) 49... Kxf6 50. a7 {winning})
49. Kg4 Ke5 (49... Re7 50. Kxf4 $18 {[%cal Ga6a7]}) 50. Re8+ Kd5 51. Re1 $1 {
the rest is a matter of a simple technique.} Ra7 52. Ra1 Ke4 53. Ra4+ Ke3 54.
Rxf4 Rxa6 55. Rxf7 Ra4+ 56. Kg3 Ra5 57. Re7+ Kd2 58. Kf4 Ra4+ 59. Re4 Ra1 60.
Re6 Rf1+ 61. Kg4 1-0

[Event "CZE-ch"]
[Site "Karlovy Vary"]
[Date "2004.02.22"]
[Round "6"]
[White "Jirovsky, Milos"]
[Black "Laznicka, Viktor"]
[Result "1/2-1/2"]
[WhiteElo "2526"]
[BlackElo "2429"]
[Annotator "Gershon,A"]
[PlyCount "78"]
[EventDate "2004.02.17"]
[EventType "tourn"]
[EventRounds "11"]
[EventCountry "CZE"]
[EventCategory "11"]
[SourceTitle "CBM 100"]
[Source "ChessBase"]
[SourceDate "2004.06.01"]
[SourceVersion "1"]
[SourceVersionDate "2004.06.01"]
[SourceQuality "1"]

1. Nf3 Nf6 2. c4 e6 3. d4 b6 4. g3 Ba6 5. Qb3 d5 6. cxd5 Qxd5 7. Qc2 c5 8. Nc3
Qd7 $146 ({In the only game this position occured before, black continued:} 
8... Qc6 9. dxc5 Bxc5 10. Bg2 Bb7 11. O-O Nbd7 12. Bd2 O-O 13. Rac1 Rfc8 14.
Qb1 {1-0 Piket,J-Karpov,A/Monte Carlo 1995/CBM 46 ext (28) And white enjoyed a
slight advantage.}) 9. Be3 Nc6 10. dxc5 Bxc5 (10... Ng4 {looks tempting, but
black is left far behind in development.} 11. Rd1 Nxe3 12. fxe3 Qc8 (12... Qc7
13. Qa4 $1 Bb7 14. Nb5 Qc8 15. Qf4 $1 $16) 13. Bg2 Bxc5 14. Nd4 Bb7 15. Qa4
Bxd4 16. Rxd4 $1 $16 {[%cal Gd4c4]} (16. exd4 {is less effective, since allows
black to castle} O-O $14)) 11. Rd1 Nb4 (11... Qe7 12. Qa4 Bb7 13. Bxc5 Qxc5 14.
Bg2 O-O 15. O-O Rfd8 16. Rc1 $14) 12. Qb3 (12. Qb1 Qe7 13. Bxc5 Qxc5 14. Bg2
O-O 15. O-O Bb7 $11) 12... Bc4 $1 {The point of black's previous move. Leads
to massive piece exchanges, and an extra pawn in the endgame, which will be
compensated by white's activity.} 13. Rxd7 ({of course not} 13. Qxc4 $4 Nc2#)
13... Bxb3 14. Bxc5 bxc5 (14... Nc2+ $2 15. Kd2 Kxd7 (15... bxc5 16. Rc7 {
and black loses a piece}) 16. axb3 bxc5 17. Kxc2 $18) 15. Rc7 Nxa2 16. Bg2 $6 {
White is playing for the initiative, but it could cost him} ({an alternative
was:} 16. Rxc5 $142 Nxc3 17. Rxc3 Bd5 18. Bg2 Rb8 19. O-O O-O 20. Rc2 {with a
draw}) 16... Nxc3 17. bxc3 Bd5 (17... a5 $2 18. Nd2 Bd5 19. e4 Ba2 20. Ke2 $16
{[%csl Ra2][%cal Gh1a1]}) 18. c4 $1 (18. Rxc5 $143 Ne4 19. Rc7 Nd6 {[%cal
Ge8d8]} 20. c4 $8 Kd8 21. Rc5 Bxc4 22. Ne5 Rc8 23. Rxc8+ Kxc8 24. O-O Bb5 $17)
18... Be4 $2 (18... Bxc4 $142 19. Ng5 (19. Ne5 Bd5 $17) (19. Nd2 Nd5 20. Rxc5
Ba6 21. Bxd5 exd5 22. Rxd5 Bb7 23. Re5+ Kd7 24. O-O Rhe8 (24... a5 $2 25. Nc4
$16 {[%cal Gc4b6,Gc4a5]}) 25. Rxe8 Rxe8 $17) 19... Nd5 (19... Bd5 20. e4 Ba2
21. Nxf7 O-O 22. Nd6 $11 {/+/=}) 20. Rxc5 Bb3 21. Rb5 Ba4 22. Bxd5 exd5 23.
Rxd5 {[%cal Gd5a5]} a5 {and the passed 'a' pawn supported by a bishop, gives
black some winning chances in the arising endgame.}) 19. O-O O-O 20. Ra1 {
Now the draw becomes inevitable.} a5 21. Ne5 Bxg2 22. Kxg2 a4 23. Ra3 (23. Rxc5
$143 a3 {and the black pawn becomes too dangerous.}) 23... Ne4 24. Nd3 g6 (
24... Rfb8 25. Nxc5 Nxc5 26. Rxc5 g6 {-game}) 25. Nxc5 Nxc5 26. Rxc5 Rfb8 27.
Rb5 Rxb5 28. cxb5 Kf8 29. b6 Rb8 30. Rxa4 Rxb6 {The remaining moves are
completely irrelevant, this is a dead draw.} 31. Ra2 h5 32. h4 Rb3 33. Rd2 Ke7
34. Rc2 Ra3 35. e3 Kf6 36. Rc4 Ra2 37. Rf4+ Kg7 38. Rd4 Rb2 39. Rc4 Ra2 1/2-1/2

[Event "Olympiad-36"]
[Site "Mallorca"]
[Date "2004.10.19"]
[Round "5"]
[White "Van Wely, Loek"]
[Black "Dao, Thien Hai"]
[Result "1-0"]
[WhiteElo "2681"]
[BlackElo "2601"]
[Annotator "Gershon,A"]
[PlyCount "115"]
[EventDate "2004.10.15"]
[EventType "team-swiss"]
[EventRounds "14"]
[EventCountry "ESP"]
[SourceTitle "CBM 104"]
[Source "ChessBase"]
[SourceDate "2005.01.27"]
[SourceVersion "1"]
[SourceVersionDate "2005.01.27"]
[SourceQuality "1"]
[WhiteTeam "Netherlands"]
[BlackTeam "Vietnam"]
[WhiteTeamCountry "NED"]
[BlackTeamCountry "VIE"]

1. d4 Nf6 2. c4 e6 3. Nf3 b6 4. g3 Ba6 5. Qb3 Bb7 6. Bg2 c5 7. d5 {This seems
to be the last word in the Qb3 line.} d6 (7... exd5 8. Nh4 g6 9. cxd5 d6 10.
O-O Bg7 $2 11. Qe3+ {and black collapsed after:} Qe7 12. Qxe7+ Kxe7 13. Nc3 a6
14. e4 Nbd7 15. f4 $1 Rhb8 16. e5 $1 dxe5 17. fxe5 Nxe5 18. Bg5 Ned7 19. Ne4 h6
20. Bxf6+ {1-0 Huzman,A-Pikula,D/Biel 2002/EXT 2003}) (7... Be7 8. Nc3 exd5 9.
cxd5 O-O 10. e4 d6 11. O-O Nbd7 12. Bf4 Nh5 13. Be3 Re8 14. Rad1 Bf8 15. Rfe1
Nhf6 16. Bf4 $14 {1/2-1/2 Nikitin,A-Smirnov,I/Alushta 2002/CBM 92 (42)}) 8. Nc3
e5 {Dao decides on a totally different approach, closing up the position and a
king's indian type of position arises, rather than the usual benoni-like
positions that arise after exd5.} 9. O-O g6 10. e4 Bg7 11. Ne1 {Black has
wasted some time in the opening (e6-e5, b6, Bb7) thus white is able to start
first.} O-O 12. Bg5 Nbd7 13. Nd3 {The best place for a knight in setups with
black pawns on 'c5' and 'e5': this way it control all the vital scares for the
upcoming battle.} a6 14. a4 Qc7 15. Rae1 Rae8 {Both sides are preparing for
the clash in the center, which will occure after f2-f4 and f7-f5.} 16. Bd2 {
so the bishop is not stuck after f2-f4} Bc8 {Finally the bishop is back to its
place} 17. Qc2 (17. h3 {I'd rather keep the Q on b3 for two reasons:  1. after
f4 and f7-f5 the center will open up, and the queen on the b1-h7 diagonal can
become vulnerable.  2. from b3 it attacks b6, thus one of black pieces will
always be forced to protect the pawn.}) 17... Kh8 18. h3 Ng8 19. Kh2 Qd8 (19...
f5 {Black should have found the courage to play f5 now, and not after wasting
2 tempi.}) 20. Qc1 Qc7 21. Re2 f5 22. f4 {Typically, such positions are full
of tactial load, and tend to flame quickly.} exf4 $6 {too early} ({better was} 
22... Ngf6 23. exf5 (23. b3 exf4 24. Nxf4 Ne5 $11) 23... gxf5 24. fxe5 Nxe5 {
[%csl Rc4,Rd3]} 25. Nxe5 dxe5 $11) 23. Nxf4 Ne5 24. exf5 Bxf5 25. Ne4 (25. Ne6
$5 {was definitely worth considering} Bxe6 26. Rxf8 Bxf8 (26... Rxf8 27. dxe6
Qe7 28. Bd5 $14) 27. dxe6 Rxe6 28. Nd5 Qd8 29. Bg5 Be7 (29... Qb8 30. Rf2 $36)
30. Nxe7 Nxe7 31. Rf2 {[%csl Rh8] White's compensation is much stronger than
black's extra pawn.}) 25... Qd8 26. Bc3 {It's somewhat easier to play the
white side here, mainly due to his space advantage, and the more active pieces.
} Nf6 $2 {Allowing white to put a knight on e6. An opportunity which he,
however, doesn't exploit.} 27. Nxf6 $2 (27. Ng5 $5 {[%cal Gg5e6] looks much
stronger than the text as} Nfg4+ $4 {doesn't work} 28. hxg4 Nxg4+ 29. Kg1 Qxg5
{due to} 30. Bxg7+ Kxg7 31. Rxe8 {perhaps this intermediate move is what Loek
missed, during his 27th move} (31. Ne6+ Rxe6 32. Qxg5 Rxe2 {and there is still
a lot of fight ahead}) 31... Rxe8 32. Ne6+ $18) 27... Bxf6 28. g4 Bd7 29. Ref2
{[%cal Gf2f8] White could have had this position with a knight on e6 - quite
some difference!  Now black is feeling pretty comfortably.} Qe7 (29... Bg7 30.
Ne6 Bxe6 31. Rxf8+ Bxf8 32. dxe6 Rxe6 33. Rf7 {I prefer white here.}) 30. b3
Kg8 31. Kh1 {Both players remove their kings away from dangerous spots.} b5 32.
axb5 axb5 33. Qc2 Bh8 (33... Bh4 {was worth considering, significantly
reducing white's power along the 'f' file.}) 34. Ne6 Rxf2 35. Rxf2 bxc4 36.
bxc4 Qh4 (36... Bxe6 37. dxe6 {[%csl Rg8][%cal Gg2d5,Yf2f7] is not something
black would like to allow.}) 37. Be1 Qe7 38. Bd2 Nf7 {The position is roughly
equal now, but white's game is slightly more pleasant.} 39. Be4 Qh4 40. Kg2 Be5
$2 {a blunder in what seems like a time trouble. Well, once again white didn't
take advantage of it.} 41. Qb3 $2 {Not a bad move for itself, but missing a
winning move.} (41. Bxg6 {this very unhuman move would have won on the spot}
Qg3+ 42. Kf1 Qxh3+ 43. Ke1 $18 {Fritzie finds this line in a split of a second.
}) 41... Rxe6 {A strange decision! I see nothing wrong with:} (41... Bxe6 42.
dxe6 Rxe6 43. Bd5 Rf6) 42. dxe6 Bxe6 43. Bd5 {Now black is virtually hopeless,
and he did it all by himself.} Bxd5+ 44. cxd5 Qe7 45. Qf3 {white will sooner
or later advance his 'h' pawn, and break black's fortress.} Kg7 46. Be3 c4 $2 {
seeking some counterplay, but black had better off not creating himself
additional weaknesses.} 47. Bd2 Qc7 48. Rf1 $1 {making sure 'c3' isn't possible
} Qa7 (48... c3 49. Rc1 c2 50. Qd3 $18) 49. h4 Kg8 50. h5 c3 {desparation} 51.
Bxc3 Bxc3 52. Qxc3 Qa2+ 53. Kh3 gxh5 {And now white wins by force.} 54. Qc8+
Kg7 55. Qf5 hxg4+ 56. Qxg4+ Kf8 57. Qc8+ Kg7 58. Rg1+ 1-0

[Event "FIDE World Cup KO"]
[Site "Shenyang"]
[Date "2000.09.10"]
[Round "2.6"]
[White "Anand, Viswanathan"]
[Black "Gelfand, Boris"]
[Result "1-0"]
[WhiteElo "2762"]
[BlackElo "2681"]
[Annotator "Gershon,A"]
[PlyCount "81"]
[EventDate "2000.09.07"]
[EventType "k.o."]
[EventRounds "4"]
[EventCountry "CHN"]
[SourceTitle "CBM 079"]
[Source "ChessBase"]
[SourceDate "2000.11.21"]
[SourceVersion "1"]
[SourceVersionDate "2000.11.21"]
[SourceQuality "1"]

1. d4 {Ftacnik} Nf6 2. c4 e6 3. Nf3 b6 4. g3 Ba6 5. b3 Bb4+ 6. Bd2 Be7 7. Nc3
Bb7 8. Bg2 O-O 9. O-O Na6 10. Re1 (10. e3 Qc8 11. Qe2 Ne4 12. Rfd1 Nxd2 13.
Rxd2 d5 14. cxd5 exd5 15. Ne5 Rd8 16. a3 c5 17. dxc5 Qxc5 18. Rc2 Qd6 19. Nd3
Nc7 20. b4 Ba6 21. b5 Bxb5 22. Nxb5 Nxb5 23. Nf4 Qe5 24. Rf1 Nc3 25. Qd3 Rac8
$17 {1-0 Hertneck,G-Ivanchuk,V/Frankfurt 1998/CBM 65 ext (56)}) (10. d5 exd5
11. Nd4 c6 12. cxd5 Nxd5 13. Nxd5 cxd5 14. Nf5 Re8 15. Bf4 Bf8 16. Bxd5 Bxd5
17. Qxd5 Qf6 18. Ne3 Nc5 19. Qf3 Ne6 20. Nd5 Qg6 21. Rfd1 Rac8 22. h4 $16 {
1-0 Kanstler,B-Psakhis,L/Israel 1999/EXT 2000 (32)}) (10. Qb1 d5 11. cxd5 exd5
12. Ne5 c6 13. Rd1 h6 14. Qb2 Re8 15. a3 Nc7 16. Rac1 Ne6 17. Be1 Bf8 {1/2-1/2
Bets,A-Alekseev,V/Alushta 1999/EXT 2000 (17)}) (10. Rc1 c5 11. d5 exd5 12. Nh4
Nc7 13. Nf5 Rb8 14. cxd5 d6 15. e4 Re8 16. Re1 Bc8 17. Nxe7+ Rxe7 18. Bf4 Ng4
19. Qc2 f6 20. Rcd1 Ne5 21. h3 b5 $11 {1/2-1/2 Peng Zhaoqin-Timman,J/Amsterdam
NED 2000/The Week in Chess 302 (58)}) (10. Bg5 d5 11. Bxf6 Bxf6 12. cxd5 exd5
13. Rc1 Qe7 14. Qd2 Rfd8 15. Rfd1 c6 16. e3 Nc7 17. Qb2 c5 18. Qa3 Ne6 19. dxc5
bxc5 20. Na4 Rac8 21. Ne1 Be5 22. Rc2 g6 23. Qc1 Bg7 $13 {0-1 Nosenko,A-Lerner,
K/Ordzhonikidze UKR 2000/The Week in Chess 295 (76)}) (10. Bf4 Re8 11. a3 d5
12. Ne5 c5 13. dxc5 Nxc5 14. b4 Nce4 15. Nxe4 Nxe4 16. cxd5 exd5 17. Rc1 Bf6
18. Nc6 Qd7 19. Nd4 Rac8 20. Qd3 Rc4 21. Be3 Ba6 $17 {0-1 Ilincic,Z-Pavlovic,M/
Subotica YUG 2000/The Week in Chess (40)}) (10. Ne5 d5 (10... Bxg2 11. Kxg2 Qb8
12. e4 Qb7 13. Qf3 d6 14. Nd3 Rad8 15. d5 c6 16. b4 c5 17. bxc5 Nxc5 18. Nb4
Nfd7 19. Nc6 Rde8 20. Bf4 Nb8 21. e5 dxe5 22. Nxe7+ Qxe7 23. Bxe5 Nbd7 24. Bd4
e5 25. Rfe1 Qd8 26. Bxc5 Nxc5 27. Ne4 Nxe4 28. Qxe4 f5 {1/2-1/2 Ftacnik,
L-Romanishin,O/Ischia 1996/CBM 54 (28)}) 11. cxd5 exd5 12. Bg5 c5 13. dxc5 Nxc5
14. Rc1 h6 15. Be3 Re8 16. Bd4 Ne6 17. e3 Nxd4 18. exd4 Ba3 19. Rc2 Ba6 20. Re1
Rc8 $15 {[%cal Gc8c1] 1-0 Iljushin,A-Parligras,M/Tallinn 1997/EXT 98 (34)})
10... d5 11. cxd5 exd5 12. Ne5 c5 (12... h6 13. Qb1 c5 14. Be3 Qc8 15. Rd1 Rd8
16. a3 Qe6 17. f4 Bf8 18. Bf2 Rac8 19. f5 $6 Qe8 20. Qb2 Bd6 21. Nc4 Bb8 22.
dxc5 Nxc5 23. Nd2 d4 24. Na4 Bxg2 25. Kxg2 Qxe2 {0-1 Kovacevic,B-Psakhis,L/
Bled 1995/EXT 98 (25)}) 13. Be3 Nc7 (13... Qc8 $5 {Ftacnik} 14. Rc1 Qe6) 14.
dxc5 bxc5 {'?!' Ftacnik.} (14... Bxc5 $5 {Ftacnik} 15. Bxc5 (15. Bd4 Bxd4 16.
Qxd4 Ne6 17. Qd3 Qc7 $11) 15... bxc5 16. Nd3 Qe7 $11) 15. Na4 {A typical
strategy against hanging pawns, white is putting as much pressure as possible
trying to make one of black's pawns move after which they blocked and become
weak rather than strong.} Ne6 16. Rc1 Rc8 17. Nd3 {[%csl Rc5][%cal Gd3c5,Ge3c5,
Ga4c5,Gc1c5]} Qa5 $2 {A blunder (this was a blitz game to determine who would
be playing in the World Cup final!)} (17... Nd7 {was essential keeping the
position balanced} 18. Qd2 (18. Nf4 {Ftacnik} Nxf4 19. gxf4 Qc7 20. Bxd5 Rfd8
21. Bxb7 Qxb7 22. Qc2 Rc6 23. f5 $14) 18... Re8 {etc}) 18. Naxc5 $1 Bxc5 $6 (
18... Nxc5 $2 19. b4 Qxa2 20. Nxc5 $18 {[%csl Ra7,Rb7][%cal Gc1a1]}) (18...
Rxc5 19. Bxc5 Bxc5 20. Rxc5 Nxc5 21. b4 Qxa2 {- would transpose to the game})
19. Bxc5 Nxc5 (19... Rxc5 20. Rxc5 Nxc5 21. b4 {-game}) 20. Rxc5 {'!' Ftacnik.}
Rxc5 21. b4 Qxa2 22. bxc5 {After the alternative 22.Nc5 the pawn would be weak,
but now it becomes white's main weapon, however, i'm not sure the text is
better than 22.Nc5} (22. Nxc5 Bc6 23. Qd4 (23. Qa1 $2 Qd2 $1 $11 {[%csl Rb4,
Re2][%cal Gf8e8]}) 23... Rb8 24. e3 $16) 22... a5 $2 (22... Rc8 $142 23. Qa1
Qxa1 24. Rxa1 a6 $14) 23. Qb1 $1 {[%cal Gc5c8] It's much more difficult to
stop the pawn without the Q's} Qxb1 24. Rxb1 Ba6 (24... Bc6 25. Ne5 Ba4 26. Ra1
$18) 25. Rb6 Bxd3 (25... Bc8 26. c6 (26. Rb5 $5 a4 27. Ra5 Bd7 28. Ne5 Rc8 29.
Bxd5 $16) 26... a4 27. Rb4 $18) 26. exd3 {[%csl Rc8][%cal Gg2h3,Yc5c8]} h6 27.
Ra6 Rb8 28. Bh3 {'!' Ftacnik.} Rb1+ (28... Rb5 29. d4 Kf8 30. Ra8+ Ke7 31. Ra7+
Ke8 32. c6 $18) 29. Kg2 Rc1 30. Rxa5 $18 {The rest is a typical finale of a
blitz game.} g5 31. Bf5 Kg7 32. h3 d4 33. Kf3 Rc2 34. Bc8 Rc3 35. Ke2 Nd5 36.
Ba6 Rc2+ 37. Kf3 f5 38. Bc4 Nf6 39. Ra7+ Kg6 (39... Kh8 40. c6 $18) 40. Bf7+
Kg7 41. Bb3+ 1-0